000 00389nab a22001097u 4500
008 130520b2003 xxu||||| |||| 00| 0 spa d
041 _aspa
100 1 _aOrbegozo, Jesús
_970279
245 0 0 _a¿Están los políticos realmente comprometidos con la educación de los más pobres
_cJesús Orbegozo
773 0 _tSal Terrae
_gV.91, nº1065,2003,págs. 231-234
_x0211-4569
_wRev410
942 _cAR
999 _c363210
_d363210